000 01083cam a2200337Ia 4500
001 93407
005 20230410133016.0
008 951024s1995 sp 000 0 spa d
035 _a(OCoLC)ocm33353894
040 _aLPU
_cLPU
_dCSP
_dTEF
_dOCLCG
020 _a8476409222
020 _a9788476409220
035 _a(OCoLC)33353894
041 1 _aspa
_heng
050 1 4 _aBF 1045
_bM621c 1995
082 0 0 _a131
049 _aGRAL
100 1 _aMichael,
_d1926-
245 1 0 _aCómo encontrar a su alma gemela :
_bhalle su pareja espiritual para una vida más feliz /
_c[Russ] Michael ; [traducido por A. Carlos Gómez].
260 _aMadrid :
_bEDAF,
_cc1995.
300 _a114 p. ;
_c21 cm.
440 0 _aColección La tabla de esmeralda ;
_v159
500 _aTranslation of: Finding your soul mate.
650 0 _aInterpersonal relations
_xPsychic aspects.
650 0 _aInterpersonal attraction
_vMiscellanea.
650 4 _aRelaciones interpersonales
650 4 _aRelaciones humanas -Aspectos psicológicos
942 _2lcc
_cbk
994 _aC0
_bDRFGD
946 _almm
999 _c91738
_d91738